LEADER 01578nam0-22004931i-450 001 990007061190403321 005 20211201164716.0 010 $a88-15-07669-7 035 $a000706119 035 $aFED01000706119 035 $a(Aleph)000706119FED01 035 $a000706119 100 $a20130618d2000----km-y0itay50------ba 101 0 $aita 102 $aIT 105 $aa-------101yy 200 1 $aPovertà e innovazioni istituzionali in Italia$edal Medioevo ad oggi$fa cura di Vera Zamagni 210 $aBologna$cil Mulino$dc2000 215 $a834 p.$cill.$d24 cm 300 $aAtti di "Convegno sulle innovazioni istituzionali in campo sociale" tenuto a Bologna nel 1999 (p.10) 300 $aNell'occhietto: 1473, Fondazione del Monte di Bologna e Ravenna 610 0 $aPoveri - Assistenza - Italia - Storia 610 0 $aPovertà$aItalia$aSec. 14-20 676 $a362.580945$v21$zita 676 $a305.5690945$v21$zita 676 $a361.610945 702 1$aZamagni,$bVera 712 02$aFondazione del Monte di Bologna e Ravenna 801 0$aIT$bUNINA$gRICA$2UNIMARC 901 $aBK 912 $a990007061190403321 952 $aXV F2 176$b517$fDTE 952 $aB 12778 (1)$bBibl. 41462$fFLFBC 952 $a362.58 ZAM 1$bBibl.41760$fFLFBC 952 $aXI A 2632$b37083$fFSPBC 952 $aSE115.02.04-$b2813D$fDECSE 952 $aN3.402$b8856$fDECTS 959 $aFLFBC 959 $aFSPBC 959 $aDECSE 959 $aDECTS 959 $aDTE 996 $aPovertà e innovazioni istituzionali in Italia$9708126 997 $aUNINA LEADER 02004oam 2200505I 450 001 9910460988503321 005 20170919034714.0 010 $a1-315-71926-6 010 $a1-317-51546-3 024 7 $a10.4324/9781315719269 035 $a(CKB)3710000000421685 035 $a(EBL)3569362 035 $a(SSID)ssj0001573347 035 $a(PQKBManifestationID)16227040 035 $a(PQKBTitleCode)TC0001573347 035 $a(PQKBWorkID)13025386 035 $a(PQKB)11463851 035 $a(MiAaPQ)EBC3569362 035 $a(OCoLC)958109555 035 $a(EXLCZ)993710000000421685 100 $a20180706e20151986 uy 0 101 0 $aeng 135 $aur|n|---||||| 181 $ctxt 182 $cc 183 $acr 200 14$aThe Royal Court Theatre, 1965-1972 /$fPhilip Roberts 210 1$aAbingdon, Oxon :$cRoutledge,$d2015. 215 $a1 online resource (215 p.) 225 1 $aRoutledge Revivals 300 $aFirst published in 1986 by Routledge and Kegan Paul Limited. 311 $a1-138-85675-4 311 $a1-138-85672-X 320 $aIncludes bibliographical references and index. 327 $a""Cover""; ""Title""; ""Copyright""; ""Original Title""; ""Original Copyright""; ""Contents""; ""Plates""; ""Acknowledgments""; ""Introduction""; ""1 Prologue: William Gaskill's first season, October 1965 to March 1966""; ""2 Edward Bond's Saved""; ""3 From April 1966 to March 1968""; ""4 D. H. Lawrence's The Daughter-in-Law""; ""5 From April 1968 to March 1970""; ""6 David Storey's The Changing Room""; ""7 From April 1970 to July 1972""; ""8 Howard Brenton's Magnificence""; ""Abbreviations""; ""Notes""; ""Select bibliography""; ""Index"" 410 0$aRoutledge revivals. 608 $aElectronic books. 676 $a792.09421 700 $aRoberts$b Philip$f1942-,$0992684 801 0$bFlBoTFG 801 1$bFlBoTFG 906 $aBOOK 912 $a9910460988503321 996 $aThe Royal Court Theatre, 1965-1972$92273129 997 $aUNINA